La dansa clàssica i la gimnàstica rítmica : de Griselda Marfil Blais de Griselda Marfil Blais
Descripción Física:
1 targeta postal ; il. col. ; 10 x 15 cm.
Colección:
Dansa - Factoria IT 17/18
Idioma:
Catalán
MARC
| LEADER | 00000nkm a22000007a 4500 | ||
|---|---|---|---|
| 001 | 27254 | ||
| 003 | Arxiu | ||
| 005 | 20260324181150.0 | ||
| 008 | 230110b spa||||| |||| 00| 0 cat d | ||
| 017 | |a B 16902-2018 | ||
| 040 | |a agdb |b cat | ||
| 245 | |a La dansa clàssica i la gimnàstica rítmica : |b de Griselda Marfil Blais | ||
| 260 | |a Barcelona : |b Institut del Teatre ; |c 2018 | ||
| 300 | |a 1 targeta postal ; |b il. col. ; |c 10 x 15 cm. | ||
| 490 | |a Dansa - Factoria IT 17/18 | ||
| 500 | |a Postal de la presentació del projecte pedagògic de dansa "La dansa clàssica i la gimnàstica rítmica", realitzada el dia 12 de juliol de 2018 a la sala Scanner de l'Institut del Teatre. | ||
| 650 | 0 | |a Dansa |2 Arxiu |x Ensenyament |x Estudi de casos | |
| 655 | 0 | |9 52685 |a Targetes postals | |
| 710 | 1 | |9 52662 |a Institut del Teatre (Barcelona, Catalunya) | |
| 942 | |2 udc |c ARXIU |n 1 | ||
| 952 | |0 0 |1 0 |2 udc |4 0 |6 NBM16174 |7 1 |9 65014 |a Arxiu |b Arxiu |d 2023-01-10 |l 0 |o NBM-16-174 |p 27254 |r 2023-01-10 00:00:00 |w 2023-01-10 |y ARXIU | ||
| 999 | |c 82954 |d 82954 | ||